|
|
|
|
| LEADER |
00000cam a2200000 7i4500 |
| 001 |
0000006208 |
| 005 |
20220105104019.0 |
| 008 |
070815 |
| 020 |
|
|
|a 9830234665
|
| 090 |
0 |
0 |
|a JP
|b ENG (7185)
|
| 100 |
1 |
|
|a Rohana Hussin
|
| 245 |
1 |
0 |
|a Ali and his friends
|c By Hajah Rohana Hussin and friends
|
| 260 |
|
|
|a Selangor :
|b Pustaka Cita Tinggi ,
|c 2005
|
| 440 |
|
|
|a My first reading books
|
| 500 |
|
|
|a Children age 4-6 years old (yellow)
|
| 650 |
|
0 |
|a Junior preschool
|x English
|x Languages
|
| 999 |
|
|
|a 0000983157
|b Book
|c Children Collection
|e Cawangan Sri Merlong
|
| 999 |
|
|
|a 0000983158
|b Book
|c Children Collection
|e Cawangan Sri Merlong
|
| 999 |
|
|
|a 0000983159
|b Book
|c Children Collection
|e Cawangan Sri Merlong
|
| 999 |
|
|
|a 0000983161
|b Book
|c Children Collection
|e Cawangan Sri Merlong
|
| 999 |
|
|
|a 0001076980
|b Book
|c Children Collection
|e Cawangan Pontian
|